Az egészségtudatos táplálkozás hitelessége a XXI. században

Bibliográfiai részletek
Szerző: Szemző Rebeka Bernadett
További közreműködők: Lugasi Dr. habil. Andrea
Dokumentumtípus: Diplomadolgozat
Kulcsszavak:Egészség
Tudatosság
Táplálkozás
Hitelesség
XXI. század
Online Access:http://dolgozattar.uni-bge.hu/13098

MARC

LEADER 00000nta a2200000 i 4500
001 dolg13098
005 20180428103314.0
008 171128suuuu hu om 000 hun d
040 |a BGE Dolgozattár Repozitórium  |b hun 
041 |a hu 
100 1 |a Szemző Rebeka Bernadett 
245 1 3 |a Az egészségtudatos táplálkozás hitelessége a XXI. században  |c Szemző Rebeka Bernadett  |h [elektronikus dokumentum] 
246 1 1 |a Az egészségtudatos táplálkozás hitelessége a XXI. században 
246 1 1 |a The authenticity of the health conscious diet in the XXI. century 
695 |a Egészség 
695 |a Tudatosság 
695 |a Táplálkozás 
695 |a Hitelesség 
695 |a XXI. század 
700 1 |a Lugasi Dr. habil. Andrea  |e ths 
856 4 0 |u http://dolgozattar.uni-bge.hu/13098/1/Szemz%C5%91%20Rebeka%20-%20Az%20eg%C3%A9szs%C3%A9gtudatos%20t%C3%A1pl%C3%A1lkoz%C3%A1s%20hiteless%C3%A9ge%20a%20XXI.%20sz%C3%A1zadban.pdf  |z Dokumentum-elérés